<?xml version="1.0" encoding="UTF-8"?>
<marc:record xmlns:marc="http://www.loc.gov/MARC21/slim">
   <marc:leader>00000nam a2200000 a 4500</marc:leader>
   <marc:datafield ind1="1" ind2=" " tag="100">
      <marc:subfield code="a">Oster, Christian</marc:subfield>
      <marc:subfield code="4">aut</marc:subfield>
      <marc:subfield code="e">Verfasser/-in</marc:subfield>
   </marc:datafield>
   <marc:datafield ind1="0" ind2="0" tag="245">
      <marc:subfield code="a">Der Ritter ohne Socken</marc:subfield>
   </marc:datafield>
   <marc:datafield ind1="0" ind2="0" tag="245">
      <marc:subfield code="c">Oster, Christian</marc:subfield>
   </marc:datafield>
   <marc:datafield ind1=" " ind2="1" tag="264">
      <marc:subfield code="c">2010</marc:subfield>
   </marc:datafield>
   <marc:datafield ind1=" " ind2=" " tag="250">
      <marc:subfield code="a">1. Auflage</marc:subfield>
   </marc:datafield>
   <marc:datafield ind1="1" ind2=" " tag="520">
      <marc:subfield code="a">Als der Ritter eines Morgens aufwacht, merkt er gleich: Seine Socken sind weg! Wie soll er jetzt nur sein Tagesprogramm absolvieren? Eigentlich wollte er heute doch die Prinzessin aus den Klauen des Drachen befreien. Aber ohne Socken ist man nur ein halber Ritter, die Stiefel passen nicht richtig und mit nackten Füßen kann man einer Prinzessin keinesfalls unter die Augen treten. Also wird der Plan geändert und die Prinzessinnenbefreiung zunächst hintangestellt. Die Socken gehen vor! Und so erreicht der Ritter auf ganz neuem Weg sein Ziel ...</marc:subfield>
   </marc:datafield>
   <marc:datafield ind1=" " ind2=" " tag="020">
      <marc:subfield code="a">9783895652257</marc:subfield>
      <marc:subfield code="9">9783895652257</marc:subfield>
   </marc:datafield>
   <marc:datafield ind1=" " ind2=" " tag="041">
      <marc:subfield code="a">ger</marc:subfield>
   </marc:datafield>
   <marc:datafield ind1=" " ind2=" " tag="300">
      <marc:subfield code="a">58 Seiten</marc:subfield>
   </marc:datafield>
</marc:record>
